1184 1188 1483 1866 1315 1564 1532 1959 1575 1895 1196 1192 1853 1574 1518 1012 1844 1585 1563 1537 1136 1340 1399 1649 1217 1797 1493 1568 1005 1835 1925 1226 1048 1095 1262 1491 1733 1067 1129 1105 1259 1761 1892 1097 1471 1421 1780 1164 1459 1439 1892 1121 1760 1757 1905 1236 1765 1917 1326 1553 1947 1193 1622 1553 1617 1804 1922 1132 1113 1571 1751 1182 1806 1171 1112 1930 1699 1785 1480 1402 1330 1605 1129 1934 1627 1260 1312 1894 1540 1250 1789 1713 1302 1808 1836 1879 1414 1417 1221 BCNSPRNW ULIB Ver.6.0+V

เปลี่ยนเป็นภาษาไทย

Change to English
 แสดงรายละเอียดบรรณานุกรม
  กลับหน้าหลัก

Brief Record : Get Marc (ISO 2709) : E-mail record : QR code < ปิดหน้าต่าง
LEADER : 00000nam 2200000uu 4500
001    13399124115
003     ULIB
008    150118s2555||||th 000 0 tha d
020    ^a9789746457583
020    ^a9746457586
050 04 ^aBF637^bส719ท ล.2 2555
110 2  ^aมหาวิทยาลัยสุโขทัยธรรมาธิราช.^bสาขาวิชาศิลปศาสตร์
245 10 ^aทักษะชีวิต หน่วยที่ 8-15=^bLife skills /^cสาขาวิชาศิลปศาสตร์มหาวิทยาลัยสุโขทัยธรรมาธิราช
246 31 ^aLife skills
250    ^aพิมพ์ครั้งที่ 21
260    ^aนนทบุรี :^bมหาวิทยาลัยสุโขทัยธรรมาธิราช,^c2555
300    ^a2 เล่ม :^bภาพประกอบ, ตาราง
440  0 ^aเอกสารการสอนชุดวิชา ;^v10103
504    ^aมีบรรณานุกรมประกอบ
505 0  ^aล.2^tหน่วยที่ 8-15
650  7 ^aจิตวิทยาประยุกต์
650  7 ^aความสำเร็จ
650  7 ^aการดำเนินชีวิต
945    ^p0^l0^i038409
945    ^p0^l0^i038410
999    ^aเกษร โพธิ์สุวรรณ
รายการนี้ยังไม่มีแท็ก
คุณยังไม่ได้ล็อกอิน คุณสามารถมีกิจกรรมร่วมกับเว็บไซต์ได้ แต่ต้องล็อกอินก่อน ::
  ล็อกอิน

รายการสื่อสารสนเทศ

ลำดับที่ ประเภท เลขเรียก/บาร์โค้ด สถานที่ สถานะ
1. วิทยาศาสตร์การแพทย์ และสุขภาพ
วิทยาศาสตร์การแพทย์ และสุขภาพ
BF637 ส719ท ล.2 2555 ฉ.1 
  Barcode: 038409
ห้องสมุดวิทยาเขตสวรรค์ประชารักษ์
►หนังสือทั่วไป
บนชั้น
2. วิทยาศาสตร์การแพทย์ และสุขภาพ
วิทยาศาสตร์การแพทย์ และสุขภาพ
BF637 ส719ท ล.2 2555 ฉ.2 
  Barcode: 038410
ห้องสมุดวิทยาเขตสวรรค์ประชารักษ์
►หนังสือทั่วไป
บนชั้น

รายการใกล้เคียง
    หัวเรื่อง [จิตวิทยาประยุกต์]
    หัวเรื่อง [ความสำเร็จ]
    หัวเรื่อง [การดำเนินชีวิต]

BibComment


ยังไม่เคยถูกคอมเมนท์

คอมเมนท์ทรัพยากรรายการนี้
  คอมเมนท์: ทักษะชีวิต หน่วย..


 Copyright 2026. Bcnsprnw @Library